| 000 | 00686nam a2200217Ia 4500 | ||
|---|---|---|---|
| 003 | GCL | ||
| 008 | 140319s9999 xx 000 0 ara d | ||
| 020 | _a1397215977 | ||
| 040 |
_aGCL / _cGCL |
||
| 082 | 0 | 4 |
_a237.3 _bع ف |
| 100 | 1 | _aعبدالله شحاتة | |
| 245 | 1 | 0 |
_aفى رحاب السنة المطهرة : _bأحاديث مختارة مع الشرح والتحقيق / _cعبدالله شحاتة |
| 250 | _aالثانية | ||
| 300 |
_a223 ص ؛ _c24 سم |
||
| 650 | 0 | 4 | _aالحديث |
| 650 | 0 | 4 | _aالحديث - شرح |
| 650 | 0 | 4 | _aعلم رواية الحديث |
| 650 | 0 | 4 | _aالحديث - اسناد |
| 650 | 0 | 4 | _aالحديث - احكام |
| 942 |
_2ddc _cBK |
||
| 999 |
_c4923 _d4923 |
||